000
00260nam a22001097a 4500
082
_a
621.56 SRA'M
100
_a
SPARKS, N. R,DILLIO, C. C
_9
75678
245
_a
MECHANICAL REFERIGERATION
260
_a
NEWYORK
_b
MCGRAW HILL
_c
1959
300
_a
283P
942
_c
BK
999
_c
581070
_d
581070